Česká národní banka výroční zpráva 1997
Enregistré dans:
| Format: | Livre |
|---|---|
| Langue: | tchèque |
| Publié: |
Praha
Česká národní banka
[1997]
|
| Sujets: | |
| Tags: |
Pas de tags, Soyez le premier à ajouter un tag!
|
MARC
| LEADER | 00000nam a2200000 4500 | ||
|---|---|---|---|
| 001 | c102692 | ||
| 005 | 20221124073227.4 | ||
| 041 | 0 | |a cze | |
| 044 | |a CZ | ||
| 245 | 1 | 0 | |a Česká národní banka |b výroční zpráva 1997 |
| 264 | 1 | |a Praha |b Česká národní banka |c [1997] | |
| 300 | |a 103 s. | ||
| 610 | 2 | 0 | |a banky |
| 610 | 2 | 0 | |a Česko |
| 610 | 2 | 0 | |a ČNB Praha |
| 610 | 2 | 0 | |a 1997 |